Výskumom nemožno zarábať nikde na svete

Bibliographic Details
Main Author: Šmida, Tibor (Author)
Format: Article
Language:Slovak
ISSN:1335-4701
Subjects:

MARC

LEADER 00000nab a2200000 a 4500
001 vtls000813129
003 SK-MaSNL
005 20260426062725.0
008 140301c2002 xo 0 slo
015 |a SNBRB2002/11-35677 
035 |a CLN000164784 
040 |a SNKBUCL  |b slo  |c SNKBUCL  |e AACR2 
041 0 |a slo 
044 |a xo  |c SK 
080 |a 621.791:061.62(437.6):338.246  |2 1997 
080 |a 338.246  |2 1997 
100 1 |a Šmida, Tibor  |4 aut  |9 406539 
245 1 0 |a Výskumom nemožno zarábať nikde na svete  |c Tibor Šmida 
610 7 |a Výskumný ústav zváračský (Bratislava, Slovensko)  |x privatizácia  |2 snkbucl  |9 848073 
651 7 |a Bratislava (Slovensko)  |2 snkbucl  |9 14568 
655 7 |a články z novín a časopisov  |2 snkbucl  |9 267496 
773 0 |t Hospodárske noviny  |g Roč. 10, č. 196 (10.10.2002), s. 5  |x 1335-4701 
850 |a Slovenská národná knižnica v Martine 
852 |a SNK  |b KIS3GCP 
958 |a SK 
992 |a RBX 
999 |c 2548813  |d 2550743